Building a Christian family. (Record no. 13234)

000 -LEADER
fixed length control field 00647nam a2200205 a 4500
001 - CONTROL NUMBER
control field :::00011052$&:&@@
003 - CONTROL NUMBER IDENTIFIER
control field OkBaRHE
005 - DATE AND TIME OF LATEST TRANSACTION
control field 20000607103405.0
008 - FIXED-LENGTH DATA ELEMENTS--GENERAL INFORMATION
fixed length control field s1987 j 000 0 eng u
020 ## - INTERNATIONAL STANDARD BOOK NUMBER
International Standard Book Number 0802411150 (pbk.)
040 ## - CATALOGING SOURCE
Transcribing agency
100 1# - MAIN ENTRY--PERSONAL NAME
Personal name Gangel, Kenneth O. and Elizabeth Gangel.
245 10 - TITLE STATEMENT
Title Building a Christian family.
260 ## - PUBLICATION, DISTRIBUTION, ETC. (IMPRINT)
Place of publication, distribution, etc Chicago, IL., :
Name of publisher, distributor, etc Moody Press
Date of publication, distribution, etc c1987
300 ## - PHYSICAL DESCRIPTION
Extent 176 p. ;
Dimensions 23 cm.
650 ## - SUBJECT ADDED ENTRY--TOPICAL TERM
Topical term or geographic name as entry element Family
General subdivision Religious Life
700 ## - ADDED ENTRY--PERSONAL NAME
Personal name Gangel, Elizabeth, Joint author.
942 ## - ADDED ENTRY ELEMENTS (KOHA)
Source of classification or shelving scheme
Koha item type Books
Copies
Withdrawn status Lost status Copy number Date last seen Damaged status Full call number Price effective from Not for loan Shelving location Barcode Date acquired Source of classification or shelving scheme Permanent Location Koha item type
  12010-04-14 BV 4526.2 .G342010-04-14 General Stacks110522010-04-14 RHEMA Bible Training CollegeBooks